| 000 | 00903nam a22002777a 4500 | ||
|---|---|---|---|
| 003 | AR-BeUNQ | ||
| 005 | 20240506170805.0 | ||
| 007 | ta | ||
| 008 | 240506b2024 spaahoo| |||| 00| 0 spa d | ||
| 020 | _a9789876292221 | ||
| 040 |
_aAR-BeUNQ _bspa _cAR-BeUNQ _eaacr |
||
| 082 |
_221 _a629 |
||
| 100 | 0 | 1 | _aZabala Gonzalo |
| 245 |
_aRobots : _bo el eterno grito de las máquinas inteleigentes _cGonzalo Zabala |
||
| 250 | _a1a.ed | ||
| 260 |
_aBuenos Aires : _bSiglo XXI, _c2013 |
||
| 300 |
_a136 p. ; _bil. , _c14 cm |
||
| 490 | _aCiencia que ladra : Coleccion dirigida por Diego Golombek | ||
| 500 | _aRobots. Arquitectura de un robot.. Inteligencia artificial. Robots y arte. | ||
| 504 | _aContiene bibliografia. | ||
| 650 |
_aRobotica _2spines |
||
| 651 |
_2unescot _aArgentina |
||
| 700 |
_aGolombek, Diego _ddireccion de obra |
||
| 929 |
_aDONACION _bJoaquin de León _d0 _j61531 |
||
| 942 | _cLIB | ||
| 999 |
_c1009 _d1009 |
||